Britain by Picture - 8 - Statistics

General Stats
  • This quiz has been taken 273 times
    190 since last reset
  • The average score is 14 of 20
Answer Stats
Picture Hint Answer % Correct
Pub pastime Darts
97%
December 26th Boxing Day
95%
Royal residence Buckingham Palace
91%
TV show Doctor Who
91%
Nanny Mary Poppins
91%
School Hogwarts
90%
Road feature Roundabout
89%
Queen Victoria
86%
Seat of Government Palace of Westminster
85%
Champion Andy Murray
81%
Children's author Roald Dahl
79%
County Norfolk
73%
Walled city York
71%
National Park The Lake District
68%
Author C.S. Lewis
49%
Artist L.S. Lowry
45%
Surfing hotspot Newquay
43%
Jacobite Rising Bonnie Prince Charlie
39%
Welsh border? {Offa}'s Dyke
38%
Medical textbook Gray's Anatomy
32%
No matching quizzes found
Score Distribution
Percent of People with Each Score
Percentile by Number Answered
Your Score History
You have not taken this quiz since the last reset